Piłkarska kariera Paulo Sousy. - Statystyki

Ogólne statystyki
  • Ten quiz został rozwiązany 36 razy
  • Średni wynik to 4 z 9
Statystyki odpowiedzi
Lata Drużyna % Poprawnych
1994-1996 Juventus
75%
1993-1994 Sporting
75%
1989-1993 Benfica
72%
1996-1998 Borussia Dortmund
69%
1998-2000 Inter
47%
2000-2000 Inter
47%
2000-2000 Parma
19%
2000-2002 Panathinaikos
16%
2002-2002 Espanyol
13%
Nie znaleziono quizów pasujących do podanych kryteriów
Rozkład punktacji
Procent ludzi z każdym wynikiem
Percentyl według liczby udzielonych odpowiedzi
Twoja historia wyników
Nie rozwiązałeś tego quizu